Movies Quiz

Random Movies Quiz

James Bond 007 Antonyms Quiz Stats

 Plays Quiz not verified by Sporcle

Challenge
Share
Tweet
Embed
Score 0/24 Timer 10:00
0 Plays Today
Antonym Movie % Correct
Nurse YesDr No
92.7%
Pearls Aren't NeverDiamonds Are Forever
91.4%
The Universe Is EnoughThe World Is Not Enough
91.2%
Live Another NightDie Another Day
91.2%
Yesterday Always LivesTomorrow Never Dies
91%
Silver ToeGoldfinger
90.6%
To Poland Sans HateFrom Russia With Love
90.2%
Die And Disallow LifeLive And Let Die
90.1%
The Woman Without Her Silver SwordThe Man With The Golden Gun
89.9%
I Always Die OnceYou Only Live Twice
88.3%
Sun ScraperMoonraker
87.8%
Silver TongueGoldeneye
85.7%
Antonym Movie % Correct
The Spy That Hated YouThe Spy Who Loved Me
85.2%
Quantom For HarmonyQuantum Of Solace
85%
QuadroboobiesOctopussy
84.4%
Of His Royalties Public SlaveryOn Her Majesty's Secret Service
83.7%
Lightning SquareThunderball
81.9%
The Dying Dark NightThe Living Daylights
81.4%
From My Mouth AlwaysFor Your Eyes Only
79.8%
Always Shout Always LastTimeNever Say Never Again
78.7%
Blind For A LifeA View To A Kill
72.3%
Church Poor(e)Casino Royale
70.7%
Church Poor(e)Casino Royale
70.5%
Order For LifeLicence To Kill
69.9%

You're not logged in!

Compare scores with friends on all Sporcle quizzes.
OR
Log In

You Might Also Like...

Show Comments

Extras

Created Apr 1, 2010ReportNominate
Tags:007, antonym, bond, same

Top Quizzes Today


Score Distribution

Your Account Isn't Verified!

In order to create a playlist on Sporcle, you need to verify the email address you used during registration. Go to your Sporcle Settings to finish the process.

Report this User

Report this user for behavior that violates our Community Guidelines.

Details: